000 00901cam a22002652 4500
001 12911
003 BD-RjUL
005 20211208235356.0
008 140129s1946 paua b 001 0 eng c
035 _a(BD-RjUL)12961
040 _aNLM
_cSLC
_dBD-RjUL
_beng
041 _aeng
060 _aWW 141 B489d 1946
082 0 0 _a617.7075
_bBED 1946
100 1 _aBerens, Conrad,
_d1889-
_940241
245 1 0 _aDiagnostic examination of the eye :
_bstep-by-step procedure /
_cby Conrad Berens ... and Joshua Zuckerman ... 410 illustrations, including 48 in full color on 13 plates.
260 _aPhiladelphia :
_bJ.B. Lippincott,
_cc1946.
300 _axxi, 711 p. :
_billus. (part col.) ;
_c24 cm.
504 _aIncludes bibliographies and index.
650 0 _aEye
_xExamination.
_940242
700 1 _aZuckerman, Joshua,
_d1900-
_940243
942 _2ddc
_cBK
999 _c12911
_d12911